Mind, meaning, and reality : essays in philosophy /

'Mind, Meaning, and reality' contains fifteen philosophical papers by D. H. Mellor, including a new defence of 'success semantics,' and an introduction arguing that metaphysics can and need only be justified by doing it and not by a 'meta-metaphysics,' which it needs no...

Full description

Bibliographic Details
Main Author: Mellor, D. H.
Format: Book
Language:English
Published: Oxford ; New York : Oxford University Press, 2012.
Subjects:

MARC

Tag First Indicator Second Indicator Subfields
LEADER 00000cam a2200000 a 4500
001 in00002783362
005 20150922144806.0
008 120312s2012 enka b 001 0 eng d
020 |a 9780199645084 (hbk.) 
020 |a 0199645086 (hbk.) 
035 |a (OCoLC)ocn781497168 
040 |a UKM  |c UKM  |d YDX  |d YNK  |d BWX  |d DGU  |d GUA  |d CDX  |d UtOrBLW 
049 |a TXAM 
050 4 |a B1111  |b .M45 2012 
082 0 |a 192  |2 23 
100 1 |a Mellor, D. H. 
245 1 0 |a Mind, meaning, and reality :  |b essays in philosophy /  |c D.H. Mellor. 
264 1 |a Oxford ;  |a New York :  |b Oxford University Press,  |c 2012. 
300 |a xiv, 232 pages :  |b illustrations ;  |c 24 cm. 
336 |a text  |b txt  |2 rdacontent 
337 |a unmediated  |b n  |2 rdamedia 
338 |a volume  |b nc  |2 rdacarrier 
504 |a Includes bibliographical references (pages [217]-226) and index. 
505 0 |a Introduction -- Part 1: Mind and meaning. 1. Nothing like experience -- 2. What does subjective decision theory tell us? -- 3. How to believe a conditional -- 4. Telling the truth -- 5. Successful semantics -- Part II: What there is. 6. The semantics and ontology of dispositions -- 7. Truthmakers for what? -- 8. Too many universes -- 9. The reduction of society --10. Wholes and parts: the limits of composition -- 11. Micro-composition -- Part III: Time. 12. Time -- 13. Transcendental tense -- 14. Time travel -- 15. The direction of time. 
520 |a 'Mind, Meaning, and reality' contains fifteen philosophical papers by D. H. Mellor, including a new defence of 'success semantics,' and an introduction arguing that metaphysics can and need only be justified by doing it and not by a 'meta-metaphysics,' which it needs no more than physics needs metaphysics. The papers are grouped into three parts. Part I is about how the ways we are disposed to act fixes what we believe and what we use language to mean. Part II is about what there is: the reality of dispositions, what makes beliefs and sentences true, why there is only one universe and how social groups, and other things composed of parts, are related to the people and other things that constitute them. Part III is about time, and includes discussions of twentieth-century developments in the philosophy of time, why Kant was right about tense, even though he was wrong about time, why forward time travel is trivial and backward time travel impossible and what gives time its direction. 
650 0 |a Philosophy, British. 
650 0 |a Metaphysics. 
650 0 |a Language and languages  |x Philosophy. 
650 0 |a Reality. 
650 0 |a Time  |x Philosophy. 
945 |a PromptCat  |b 99175 
946 |a stk 
947 |a A14836005857 
948 |a cataloged  |b h  |c 2012/12/4  |d c  |e dmitchel  |f 2:30:20 pm 
994 |a C0  |b TXA 
999 |a MARS 
999 f f |s a4370fef-7654-354b-80ef-aef6cc228fa3  |i cb451904-6fab-34c2-9f81-2e22cd6aba0f  |t 0 
952 f f |p normal  |a Texas A&M University  |b College Station  |c Sterling C. Evans Library  |d Evans: Library Stacks  |t 0  |e B1111 .M45 2012  |h Library of Congress classification  |i unmediated -- volume  |m A14836005857 
998 f f |a B1111 .M45 2012  |t 0  |l Evans: Library Stacks